হিন্দুধর্ম / (Record no. 244339)
[ view plain ]
| 000 -LEADER | |
|---|---|
| fixed length control field | 01071nam a22002297a 4500 |
| 003 - CONTROL NUMBER IDENTIFIER | |
| control field | BD-DhUL |
| 005 - DATE AND TIME OF LATEST TRANSACTION | |
| control field | 20181101160300.0 |
| 008 - FIXED-LENGTH DATA ELEMENTS--GENERAL INFORMATION | |
| fixed length control field | 181101s20082017ii |||| |||| 001 0 ben |
| 020 ## - INTERNATIONAL STANDARD BOOK NUMBER | |
| International Standard Book Number | 9788177566789 |
| 040 ## - CATALOGING SOURCE | |
| Original cataloging agency | BD-DhUL |
| Transcribing agency | BD-DhUL |
| 082 ## - DEWEY DECIMAL CLASSIFICATION NUMBER | |
| Edition number | 23 |
| Classification number | 294.5 |
| Item number | SEH |
| 100 1# - MAIN ENTRY--PERSONAL NAME | |
| Personal name | সেন, ক্ষিতিমোহন। |
| 245 10 - TITLE STATEMENT | |
| Title | হিন্দুধর্ম / |
| Statement of responsibility, etc. | ক্ষিতিমোহন সেন ; অনুবাদক, সোমেন্দ্রনাথ বন্দ্যোপাধ্যায়। |
| 250 ## - EDITION STATEMENT | |
| Edition statement | ১ম আনন্দ সং.। |
| 260 ## - PUBLICATION, DISTRIBUTION, ETC. (IMPRINT) | |
| Place of publication, distribution, etc. | কলকাতা : |
| Name of publisher, distributor, etc. | আনন্দ, |
| Date of publication, distribution, etc. | ২০০৮ (২০১৭)। |
| 300 ## - PHYSICAL DESCRIPTION | |
| Extent | [২৭], ১৬২ পৃ. ; |
| Dimensions | ২৫ সেমি. |
| 504 ## - BIBLIOGRAPHY, ETC. NOTE | |
| Bibliography, etc | গ্রন্থপঞ্জিগত তথ্য ও নির্ঘণ্ট সংবলিত। |
| 650 #0 - SUBJECT ADDED ENTRY--TOPICAL TERM | |
| Topical term or geographic name as entry element | হিন্দুধর্ম। |
| 650 #0 - SUBJECT ADDED ENTRY--TOPICAL TERM | |
| Topical term or geographic name as entry element | Hinduism. |
| 700 1# - ADDED ENTRY--PERSONAL NAME | |
| Personal name | বন্দ্যোপাধ্যায়, সোমেন্দ্রনাথ। |
| Relator term | অনুবাদক |
| 942 ## - ADDED ENTRY ELEMENTS (KOHA) | |
| Source of classification or shelving scheme | |
| Koha item type | Books |
| Price effective from | Date last seen | Permanent Location | Not for loan | Date acquired | Source of classification or shelving scheme | Koha item type | Lost status | Withdrawn status | Copy number | Source of acquisition | Collection code | Damaged status | Shelving location | Barcode | Current Location | Full call number |
|---|---|---|---|---|---|---|---|---|---|---|---|---|---|---|---|---|
| 2018-11-01 | 2018-11-01 | Dhaka University Library | 2018-09-02 | Books | 1 | Purchased | Non Fiction | General Stacks | 507112 | Dhaka University Library | 294.5 SEH | |||||
| 2018-11-01 | 2018-11-01 | Dhaka University Library | 2018-09-02 | Books | 2 | Purchased | Non Fiction | General Stacks | 507113 | Dhaka University Library | 294.5 SEH |
